| 000 | 00671nam a22002057a 4500 | ||
|---|---|---|---|
| 005 | 20251108171013.0 | ||
| 008 | 250721s1999 xx 000 0 ara d | ||
| 082 | 1 | 4 | _a923.5565/عبي |
| 100 | 1 | _aعبيدات، محمود | |
| 245 | 1 | 0 |
_aالمجاهد العقيد محمود الموسى العبيدات : _bبطل معارك القدس القديمة و فارسها 1914-1988 / |
| 264 | 1 |
_aعمان : _c1999. |
|
| 300 | _a433ص | ||
| 490 | 0 | _aمشاهر في التاريخ الأردني ؛ 5 | |
| 650 | 1 | 7 | _aالعسكريون |
| 650 | 1 | 7 | _aالأردن |
| 650 | 1 | 7 | _aالشخصيات |
| 650 | 1 | 7 | _aالتراجم |
| 942 |
_2ddc _cBK |
||
| 999 |
_c54163 _d54163 |
||